Célébrités commençant par la lettre G - Statistiques

Statistiques générales
  • Ce quiz a été pris 435 fois
  • Le résultat moyen est 7 sur 12
Statistiques - réponses
Par images Réponse % Correct
Garou
93%
George Clooney
83%
Gerard Jugnot
77%
Gilles Lellouche
69%
Guillaume Canet
69%
Gaël Monfils
62%
Gordon Ramsey
59%
Gigi Hadid
57%
Gal Gadot
46%
Gwyneth Paltrow
35%
Gwen Stefani
25%
Gabrielle Union
4%
Aucun quiz correspondant
Distribution des résultats
% des personnes avec chaque résultat
Percentile par nombre de réponses
Votre historique - résultats
Vous n’avez pas pris ce quiz